000 00328pab a2200145 454500
008 180718b1986 xxu||||| |||| 00| 0 eng d
100 _aSen, A.N.
245 _aMisuse of freedom of press
260 _c1986
300 _a2-9
362 _aOct.
650 _aPress
773 _aPress Council of India Review
909 _a16006
999 _c16006
_d16006